000 01081nam a2200301 i 4500
001 000025975
003 DO-SdBNP
005 20250122092632.0
008 110225s2002 dr 001 0 spa d
040 _aDO-SdBNP
_bspa
_cBNPHU
_erda
041 _aspa
082 4 _a352.283
_bC823d
_222
100 1 _aCorral, Julio C.
_eautor
_4aut.
_944072
245 1 0 _aDescentralización municipal en la República Dominicana /
_cJulio C. Corral, Haroldo Dilla.
250 _aPrimera edición
264 4 _aSanto Domingo :
_bEditora Búho,
_c2002.
300 _a40 páginas ;
_c24 cm.
336 _atexto
_btxt
_2rdacontent
337 _asin mediación
_bn
_2rdamedia
338 _avolumen
_bnc
_2rdacarrier
590 _aInventariado,2018/DG
650 4 _aDescentralización administrativa
_zRepública Dominicana
_93012
650 4 _aMunicipios
_xHistoria
_zRepública Dominicana
_952869
651 4 _aRepública Dominicana
_xDivisiones administrativas y políticas
_917205
700 1 _aDilla, Haroldo
_eautor
_4aut.
_96403
910 _aValidado. Control de calidad EMS
942 _2ddc
_cLF2
999 _c25467
_d25467